| 000 | 00904cad a22002175a 4500 | ||
|---|---|---|---|
| 001 | L156572 | ||
| 008 | 120611s2012 xxk 000 0 eng d | ||
| 035 | _a(Sirsi) u156572 | ||
| 041 | 0 | _aeng | |
| 110 | 2 |
_aEC Harris _94930 |
|
| 245 | 0 | 0 |
_aInternational focus on Qatar _b2022 world cup will stimulate huge spending on capital projects and infrastructure _h[electronic resource] |
| 260 |
_a[S.l.] _bECHarris _c2012 |
||
| 490 | 0 |
_aEC Harris Research _vSummer 2012 |
|
| 520 | _aLooks at the economy and construction industry in Qatar highlighting the scale of the investment needed to deliver the 2022 World Cup. | ||
| 590 | _aKA NTK | ||
| 651 | 4 | _aQatar | |
| 690 |
_aConstruction management _96230 |
||
| 690 |
_aCommercial property _96227 |
||
| 856 | 4 | 0 |
_uhttps://www.echarris.com/research__views/research_reports/international_focus.aspx _zView the item free of charge at www.echarris.com |
| 942 | _n0 | ||
| 999 |
_c114293 _d114293 |
||